000
00433nam a2200133Ia 4500
008
100328s9999 xx 000 0 und d
082
_b
5574
100
_a
चिपळूणकर विष्णुशास्त्री
245
_a
संस्कृतकविपंचक
260
_b
---
630
_a
संस्कृतकविपंचक
730
_a
संस्कृतकविपंचक
942
_c
BOOK
999
_c
501562
_d
501559